History Quiz

Random History or Politics Quiz
Score 0/10 Timer 05:00
0 Plays Today
% Correct
Adolf Hitler (Germany)
95.6%
Mikhail Gorbachev (USSR)
81.4%
Stephen Harper (Canada)
68%
Nikita Khrushchev (USSR)
55.9%
Napoleon Bonaparte (France)
48.4%
Idi Amin (Uganda)
27.6%
Woodrow Wilson (USA)
26.5%
Harry Truman (USA)
21.9%
Naser al-Din Shah Qajar (Persia)
20.9%
Theodore Roosevelt (USA)
5.8%
Remove Ads.
Support Sporcle.
Get the best of Sporcle when you Go Orange. This ad-free experience offers more features, more stats, and more fun while also helping to support Sporcle. Thank you for becoming a member.

You're not logged in!

Compare scores with friends on all Sporcle quizzes.
OR
Log In

Show Comments

Extras

Top Quizzes Today


Score Distribution

Your Account Isn't Verified!

In order to create a playlist on Sporcle, you need to verify the email address you used during registration. Go to your Sporcle Settings to finish the process.

Report this User

Report this user for behavior that violates our Community Guidelines.

Details: